000 01044nam a2200253 a 4500
001 81198
003 BD-RjUL
005 20230404123955.0
008 230209s1994 bg ||||| m||| 00| 0 eng d
035 _a(BD-RjUL)81198
040 _aBD-RjUL
_beng
_cBD-RjUL
_dBD-RjUL
041 _aeng
082 _223
_a821.09
_bISC 1994
100 _aIslam, Jahurul
_96920
245 1 0 _aA CRITICAL, ANNOTATED EDITION OF WILLIAM BARKSTED'S MIRRHA, THE MOTHER OF ADONIS(1607) AND HIREN OR THE FAIRE GREEKE (1611) /
_cby Jahurul Islam
_6Supervisor : Aali Areefur Rehman
260 _aRajshahi :
_bDepartment of English, University of Rajshahi
_c1994
300 _a1vii, [3], 183 leaves :
_c29 cm.
502 _aThesis(M.Phil.)-- Department of English,University of Rajshahi,1994
504 _aBibliography : Leaves 178-183
600 _aWilliam Barksted's Mirrha & Hiren
_d1607 - 1611
_xCriticism and Interpretation
_96921
650 _aEnglish Poetry
_xHistory and biography
_96922
700 _aRehman, Aali Areefur, Supervisor
_93456
942 _2ddc
_cTHE
999 _c81198
_d81198